[Event "3rd GRENKE Chess Open 2018"]
[Site "Karlsruhe"]
[Date "2018.03.29"]
[Round "1"]
[White "Gress, Alexander"]
[Black "Lagarde, Maxime"]
[Result "0-1"]
[WhiteElo "2139"]
[BlackElo "2587"]
[Annotator "TA"]
[PlyCount "58"]
[EventDate "2018.??.??"]
[EventType "swiss"]
[EventCountry "GER"]
[SourceTitle "playchess.com"]
[Source "ChessBase"]
[SourceQuality "1"]

{[%evp 23,58,24,28,27,44,0,0,0,-8,-44,-15,-156,-156,-162,-151,-139,-131,-149,-117,-222,-226,-234,-100,-259,-267,-249,-222,-373,-372,-436,-388,-1249,-1243,-1228,-1216,-1585,-1602]} 1. e4 c5 2. Nf3 Nc6 3. d4 cxd4 4. Nxd4 Qb6 5. Nb3 Nf6 6. Nc3 e6 7. a3 a6 8. Be3 {B33: Sicilian: Pelikan and Sveshnikov Variations} Qc7 9. Bd3 (9. f4 d6 10. g4 b5 11. g5 Nd7 12. h4 Bb7 13. h5 Nb6 14. Qf3 b4 15. Qf2 bxc3 16. Bxb6 Qc8 17. bxc3 Be7 {1-0 (41) Bogner,S (2599)-Naiditsch,A (2702) Douglas 2017}) 9... b5 10. O-O d6 11. f4 Bb7 12. Qf3 Be7 {LiveBook: 50 Games} 13. Qg3 g6 14. Nd4 ({White should play} 14. Rae1 $14) 14... Na5 $11 15. Nf3 $146 ({Predecessor:} 15. e5 Nh5 16. Qf2 Nc4 17. exd6 Bxd6 18. Ndxb5 axb5 19. Nxb5 {1-0 (55) Shrutarshi,R (1951)-Deodhar,V (1734) Mumbai 2018}) 15... Nc4 16. Bd4 (16. Bxc4 $5 Qxc4 17. Nd2 $11) 16... O-O 17. e5 (17. Bxc4 $11 bxc4 18. Nd2) 17... Nh5 $17 18. Qg4 Bxf3 19. Qxf3 dxe5 20. fxe5 Bc5 (20... Nxb2 $6 21. Nxb5 axb5 22. Bxb2 $11) 21. Qf2 (21. Bxc5 $17 {was worth a try.} Nxe5 22. Qe2 Qxc5+ 23. Kh1) 21... Bxd4 $19 ({Resist} 21... Nxe5 22. Bxc5 (22. Nxb5 $2 axb5 23. Bxc5 Ng4 $19) 22... Ng4 23. Qh4 $17) 22. Qxd4 Qxe5 (22... Rad8 $19 {and Black stays clearly on top.} 23. Qf2 Nxb2) 23. Qf2 $2 {[#]} (23. Qxe5 $17 Nxe5 24. Be2) 23... Nxb2 24. Ne4 Rad8 25. g4 $2 (25. Rae1 Nxd3 26. cxd3) 25... f5 ({Don't take} 25... Nxd3 26. cxd3 f5 27. Qc5 $19) 26. Nc5 fxg4 27. Qxf8+ $2 {[#]} (27. Nd7 Rxf2 28. Nxe5 Nxd3 29. cxd3 Rxf1+ 30. Kxf1) 27... Rxf8 {Black is clearly winning.} 28. Rxf8+ Kg7 29. Rc8 Nxd3 {Precision: White = 10%, Black = 61%.} 0-1

[Event "3rd GRENKE Chess Open 2018"]
[Site "Karlsruhe"]
[Date "2018.03.30"]
[Round "1"]
[White "Van De Perre, Tom"]
[Black "Moussard, Jules"]
[Result "0-1"]
[WhiteElo "2138"]
[BlackElo "2576"]
[Annotator "TA"]
[PlyCount "126"]
[EventDate "2018.??.??"]
[EventType "swiss"]
[EventCountry "GER"]
[SourceTitle "playchess.com"]
[Source "ChessBase"]
[SourceQuality "1"]

{[%evp 19,126,19,21,9,9,0,0,0,51,4,26,27,26,-5,-5,-25,0,-32,-25,-30,-31,-46,-43,-79,0,-7,0,-18,-11,-70,-74,-93,-102,-104,-74,-168,0,-81,-80,-57,-83,-66,-60,-154,-149,-139,-146,-135,-66,-74,-31,-59,-19,-22,-12,-16,0,0,0,-72,-59,-65,-66,-69,-59,-63,-62,-72,-62,-81,-66,-149,-152,-134,-119,-145,-129,-178,-184,-147,-138,-214,-187,-275,-186,-471,-471,-471,-296,-749,-740,-700,-700,-6370,-6099,-6089,-6079,-5794,-5724,-5624,-5622,-5185,-5165,-1531,-1411,-5081,-1466,-29997,-29998]} 1. e4 g6 2. d4 Bg7 3. Nf3 d6 4. Bc4 Nf6 5. Qe2 O-O 6. O-O Bg4 7. h3 Bxf3 8. Qxf3 Nc6 {B06: Modern Defence} 9. c3 e5 10. d5 (10. Rd1 Nd7 11. Be3 Qe7 12. Na3 Nb6 13. Bb5 f5 14. Bxc6 bxc6 15. exf5 e4 16. f6 Rxf6 {0-1 (61) Bacrot,E (2718)-Ponomariov,R (2714) Beijing 2014}) 10... Ne7 {LiveBook: 3 Games. The position is equal.} 11. Bg5 Nd7 12. Qe3 $146 ({Find the theoretical novelty and annotate with similar games:} 12. Nd2 f6 13. Bh4 Bh6 14. Qe2 Kh8 15. f3 {0-1 (54) Marusiak,L (2407)-Ograbek,G (2362) ICCF email 2008}) 12... f6 13. Bh4 Qe8 (13... f5 $11) 14. Bb5 f5 (14... c6 {NOTEXT} 15. dxc6 bxc6 16. Ba4 Nc5 17. Bc2 Ne6) 15. Bxd7 Qxd7 16. Bxe7 Qxe7 17. Nd2 Rf7 18. f3 Qf8 19. Nc4 Bh6 20. Qe1 Bg5 21. g3 c6 (21... f4 $17 22. g4 Qh6) 22. Rd1 Rc8 23. dxc6 Rxc6 24. Qe2 ({White should play} 24. Na3 $11) 24... Qc8 $1 $15 25. Na5 Ra6 26. Qc4 Qd7 27. Qd5 (27. b4 $17) 27... b5 $2 (27... fxe4 $19 28. f4 e3) 28. Nb3 (28. b4 $11) 28... Be3+ $17 ({Of course not} 28... Rxa2 $6 29. f4 $11) 29. Kg2 Rxa2 30. Rb1 Qb7 {And now ...Qxd5 would win.} 31. Qxd6 (31. Qd3 $1 $15 Qb6 32. Na1) 31... fxe4 32. Qxe5 exf3+ 33. Kh2 {Black must now prevent Qe8+.} Bh6 ({Black should try} 33... Qe7 $17 34. Qxe7 Rxe7) 34. Nd4 $15 b4 35. cxb4 Qxb4 36. Nxf3 Qb3 37. Qe2 Qb8 38. Rf2 Ra5 39. Qc4 (39. Rbf1 $11) 39... Raf5 $36 {[%mdl 2048] aiming for ...Bf4! Black is more active.} 40. Rbf1 {[#]} Bf4 $1 {[%mdl 512]} 41. Rg2 (41. gxf4 Rxf4) 41... Bd6 42. Nd2 Rxf1 43. Nxf1 Kg7 $1 44. Ne3 h5 45. Qd4+ (45. Qd5 $15) 45... Be5 46. Qe4 Bxb2 47. Nc4 Bf6 48. Qf4 Qxf4 49. gxf4 $19 {[%mdl 4096] Endgame KRB-KRN} Bd4 50. Ne5 (50. Kg3 $17 {was called for.}) 50... Rf6 ({Don't do} 50... Rxf4 51. Rxg6+ Kh7 52. Rg5 $17) 51. Kg3 (51. Rg3 $142) 51... a5 {[%cal Ba7a5,Ba5a4,Ba4a3,Ba3a2][%mdl 32]} 52. Rd2 $2 (52. Ra2) 52... Bxe5 $1 53. fxe5 {[#] KR-KR} Ra6 $1 54. Kf4 $2 {[#]} (54. Ra2) 54... a4 $1 {[%cal Ra4a3]} 55. Kg5 a3 {Strongly threatening ...a2.} 56. Rd7+ Kf8 57. Rd1 a2 58. Ra1 Kg7 59. Kf4 Ra4+ 60. Kg5 Ra5 61. Kf4 Kf7 62. h4 Ra4+ 63. Kg5 Kg7 {Precision: White = 24%, Black = 64%.} 0-1

[Event "3rd GRENKE Chess Open 2018"]
[Site "Karlsruhe"]
[Date "2018.03.29"]
[Round "1"]
[White "Kindler, Kristian"]
[Black "Heimann, Andreas"]
[Result "0-1"]
[WhiteElo "2136"]
[BlackElo "2574"]
[Annotator "TA"]
[PlyCount "91"]
[EventDate "2018.??.??"]
[EventType "swiss"]
[EventCountry "GER"]
[SourceTitle "playchess.com"]
[Source "ChessBase"]
[SourceQuality "1"]

{[%evp 15,91,10,19,0,15,16,18,19,24,22,19,25,11,33,0,-8,-3,-42,-41,-82,-46,-94,-33,-62,-43,-55,-55,-80,-102,-91,-80,-89,-82,-85,-72,-118,-120,-127,-122,-122,-126,-129,-125,-122,-122,-122,-122,-122,-124,-131,-124,-122,-82,-70,-83,-438,-321,-516,-459,-462,-449,-29967,-29968,-29966,-29968,-12819,-11046,-29972,-29973,-29971,-29965,-29981,-29980,-29990,-29988,-29987,-29988,-29988]} 1. e4 e5 2. Nf3 Nc6 3. Bb5 a6 4. Ba4 Nf6 5. O-O Be7 6. Re1 b5 7. Bb3 O-O 8. d3 d6 {LiveBook: 625 Games} 9. Bd2 {C88: Closed Ruy Lopez: Anti-Marshall Systems} (9. c3 Na5 10. Bc2 c5 11. h3 Re8 12. d4 Nd7 13. d5 Bf8 14. Nbd2 g6 15. Nf1 Bg7 16. g4 c4 17. Ng3 Nb7 18. Be3 Ndc5 19. b4 {1-0 (47) Alekseev,E (2616)-Kovalev,V (2639) Tallinn 2018}) 9... Bd7 10. h3 h6 $146 ({Predecessor:} 10... Qc8 11. Nc3 Nd4 12. Nxd4 exd4 13. Ne2 c5 14. c3 dxc3 15. Bxc3 {½-½ (40) Roeckendorf,P (2139)-Klapp,H (2099) GER email 2014}) 11. a4 {The position is equal.} b4 12. c3 Rb8 13. d4 Qc8 14. Bc2 Re8 15. dxe5 dxe5 16. cxb4 Bxb4 17. Nc3 Be6 18. a5 Bd6 (18... Rd8 $17 {Hoping for ...Bxh3!} 19. Qe2 Bxa5) 19. Rc1 Nxa5 {[%cal Bc6a5,Ba5c4,Bc4b2][%mdl 32]} 20. Nd5 Bxd5 21. exd5 Nc4 22. Bc3 Nxb2 23. Qe2 Nxd5 24. Bxe5 Nf6 25. Bb1 Rb5 26. Qc2 Bxe5 27. Nxe5 Rbxe5 28. Rxe5 Rxe5 29. Qxb2 Qe8 30. Bd3 Re1+ 31. Rxe1 Qxe1+ 32. Kh2 a5 33. Qb8+ Ne8 34. Bb5 Kf8 35. Bxe8 $2 {[%mdl 8192] [#]} (35. Bc6 $17 {is tougher.}) 35... Qxe8 $19 36. Qxc7 $2 $17 {[%mdl 4096] Endgame KQ-KQ} (36. Qa7 {was the only defense.} Qe5+ 37. g3) 36... Qa8 $19 37. Qc5+ Kg8 38. g4 {[#]} (38. Qa3 $19 a4 39. Kg1) 38... a4 39. Qa3 Qb8+ 40. Kg2 Qb7+ 41. f3 Qb3 {Black mates.} 42. Qe7 a3 43. h4 a2 44. h5 a1=Q 45. Qe8+ Kh7 46. Qe4+ {Precision: White = 34%, Black = 76%.} 0-1

[Event "3rd GRENKE Chess Open 2018"]
[Site "Karlsruhe"]
[Date "2018.03.29"]
[Round "1"]
[White "Barillaro, Luca"]
[Black "Mikhalevski, Victor"]
[Result "0-1"]
[WhiteElo "2135"]
[BlackElo "2557"]
[Annotator "TA"]
[PlyCount "62"]
[EventDate "2018.??.??"]
[EventType "swiss"]
[EventCountry "GER"]
[SourceTitle "playchess.com"]
[Source "ChessBase"]
[SourceQuality "1"]

{[%evp 12,62,5,-25,-13,-63,-23,-120,-56,-143,-131,-131,-130,-150,-138,-274,-266,-367,-374,-368,-365,-378,-357,-430,-422,-430,-427,-470,-497,-496,-503,-522,-518,-518,-488,-512,-481,-539,-535,-546,-545,-481,-531,-492,-486,-524,-490,-489,-488,-678,-612,-586,-575]} 1. c4 e5 2. g3 c6 3. d4 e4 4. Bg2 d5 5. Nc3 Nf6 6. Bg5 {A20: English Opening: 1...e5} Nbd7 (6... Bb4 7. Qb3 Bxc3+ 8. Qxc3 O-O 9. f3 dxc4 10. Bxf6 Qxf6 11. fxe4 c5 12. e5 cxd4 13. exf6 dxc3 14. fxg7 {½-½ (40) McShane,L (2647)-Anand,V (2783) Germany 2018}) 7. Nh3 {LiveBook: 3 Games} h6 8. Bf4 {The position is equal.} g5 $146 ({Find the theoretical novelty and annotate with similar games:} 8... dxc4 9. Nxe4 Nxe4 10. Bxe4 Qb6 11. O-O Qxb2 12. Rb1 Qxa2 {1-0 (34) Stanciu,A-Becsenescu,F ICCF email 2006}) 9. Be5 (9. Bd2 $11 {keeps the balance.}) 9... Bg7 (9... Bb4 $17 10. Rc1 dxc4) 10. cxd5 (10. Bxf6 $15 Nxf6 11. cxd5) 10... Nxe5 $17 ({Inferior is} 10... cxd5 11. f4 $11) 11. dxe5 Nxd5 {[%cal Bf6d5,Bd5b4,Bb4a2][%mdl 32]} 12. Nxe4 {White wants to play Nd6+.} Bxe5 {And now ...f5 would win.} 13. Qb3 {[#]} (13. O-O $17) 13... Qa5+ $1 $19 14. Nd2 Be6 15. Qc2 Nb4 16. Qc1 Nxa2 {Hoping for ...0-0-0.} 17. Qc2 O-O-O {Black is clearly winning.} 18. Rd1 Nb4 19. Qb1 g4 20. Nf4 Bxf4 21. gxf4 Bf5 22. Be4 Bxe4 23. Nxe4 Rxd1+ 24. Qxd1 Rd8 25. Qb1 Nd3+ 26. Kf1 Nxf4 27. Nc3 Qe5 28. Rg1 h5 29. Rg3 Nh3 30. Kg2 Qf4 31. f3 f5 {Precision: White = 40%, Black = 82%.} 0-1

[Event "3rd GRENKE Chess Open 2018"]
[Site "Karlsruhe"]
[Date "2018.03.29"]
[Round "1"]
[White "Zoldan, Matteo"]
[Black "Grigoriants, Sergey"]
[Result "0-1"]
[WhiteElo "2135"]
[BlackElo "2568"]
[Annotator "TA"]
[PlyCount "60"]
[EventDate "2018.??.??"]
[EventType "swiss"]
[EventCountry "GER"]
[SourceTitle "playchess.com"]
[Source "ChessBase"]
[SourceQuality "1"]

{[%evp 14,59,45,56,52,47,57,44,66,30,39,30,53,-30,-41,-41,-53,-23,-49,-80,-86,-83,-76,-90,-96,-97,-100,-79,-93,-91,-91,-86,-84,-102,-100,-110,-104,-308,-326,-522,-519,-568,-460,-29997,-29998,-29998,-29999,-29999]} 1. e4 c5 2. Nf3 d6 3. d4 cxd4 4. Nxd4 Nf6 5. Nc3 a6 6. f3 Qb6 7. Nb3 e6 8. Qe2 (8. g4 {is more complex.} h6 9. Qe2 Qc7 10. a3 b5 11. Bf4) 8... Nc6 {B90: Sicilian Najdorf: Unusual White 6th moves, 6 Be3 Ng4 and 6 Be3 e5} 9. Be3 Qc7 10. O-O-O b5 {White is slightly better.} 11. Qf2 Be7 12. g4 Nd7 13. Nd4 $146 (13. g5 $14) ({Predecessor:} 13. g5 Nce5 14. a3 Rb8 {1-0 (31) Grischuk,A (2710)-Ponomariov,R (2700) Wijk aan Zee 2005}) 13... Nxd4 $11 14. Bxd4 O-O 15. h4 Bb7 16. a3 Bc6 17. g5 Rab8 18. f4 a5 {White must now prevent ...b4.} 19. f5 {White wants to play f6.} b4 $1 {[%cal Rb4c3]} 20. f6 bxc3 21. fxe7 cxb2+ $1 22. Bxb2 {And now Qd4 would win.} Rfe8 {Hoping for ...e5.} 23. Qd4 {[%csl Gb2][%cal Rd4g7] [#]} e5 $1 $40 {[%cal Re5d4][%mdl 128] Black is out for blood.} 24. Qxd6 {[#]} Qb7 $1 (24... Qb6 25. Bc3) 25. Bc3 $2 (25. Ba1 $17 {was forced.}) 25... Bxe4 $19 {aiming for ...Qb1+.} 26. Bd3 $2 (26. Rh3 {was the only defense.} Qb1+ 27. Kd2 Qxc2+ 28. Ke1) 26... Bxh1 27. Bf5 Bf3 {( -> ...Qb1+)} 28. Rd3 (28. Re1 $19 Qc6 29. Qxc6 Bxc6 30. Bxd7 Bxd7 31. Rxe5) 28... Qb1+ {Black mates.} 29. Kd2 Qd1+ 30. Ke3 Qe2# {Precision: White = 30%, Black = 95%.} 0-1

[Event "3rd GRENKE Chess Open 2018"]
[Site "Karlsruhe"]
[Date "2018.03.29"]
[Round "1"]
[White "Hoffmann, Achim Gunter"]
[Black "Santos Latasa, Jaime"]
[Result "0-1"]
[WhiteElo "2134"]
[BlackElo "2549"]
[Annotator "TA"]
[PlyCount "74"]
[EventDate "2018.??.??"]
[EventType "swiss"]
[EventCountry "GER"]
[SourceTitle "playchess.com"]
[Source "ChessBase"]
[SourceQuality "1"]

{[%evp 15,73,0,0,0,0,0,4,0,11,-1,0,0,14,5,11,-20,-39,-31,-33,-29,-25,-34,0,-14,86,-19,-41,-101,-102,-248,-254,-235,-230,-245,-223,-228,-224,-274,0,-269,-213,-298,-304,-368,-373,-364,-137,-381,-392,-375,-381,-1135,-1116,-1091,-1058,-29987,-29988,-29983,-29984,-29999]} 1. e4 c5 2. Nf3 d6 3. d4 cxd4 4. Nxd4 Nf6 5. Nc3 a6 6. Bc4 e6 7. Bb3 Nbd7 8. O-O Nc5 9. f3 {B86: Sicilian Scheveningen/Najdorf: 6 Bc4, without early ...b5} (9. Re1 Be7 10. f4 O-O 11. e5 Ne8 12. Be3 Bd7 13. Bf2 Rc8 14. Ne4 Nxb3 15. axb3 dxe5 16. fxe5 f6 17. exf6 Nxf6 18. Bg3 Qb6 {0-1 (56) Ivanisevic,I (2638)-Cheparinov,I (2688) Minsk 2017}) 9... b5 10. Be3 Bb7 11. Qe1 {The position is equal.} Be7 12. Rd1 Qc7 13. Qg3 O-O 14. a3 Nxb3 (14... Rac8 {with more complications.} 15. Ba2 Kh8 16. Rf2 Rg8 17. h4 Ncd7) 15. Nxb3 Rfd8 $146 ({Predecessor:} 15... Rac8 16. Rd2 d5 17. Qxc7 Rxc7 18. exd5 Nxd5 19. Nxd5 Bxd5 {0-1 (58) Krustev,P-Radev Iordanov,N Sofia 1970}) 16. Rd2 Nd7 17. f4 Nf6 18. Bd4 g6 19. e5 Nh5 (19... Nd7 $11 {remains equal.}) 20. Qe3 ({White must play} 20. Qf2 $16) 20... dxe5 $11 21. fxe5 ({White should try} 21. Qxe5 $15 Qxe5 22. fxe5) 21... Ng7 $1 $17 22. g4 (22. Re2 $17 {is a better defense.} Nf5 23. Rxf5 exf5 24. Bb6) 22... Qc6 $19 {Threatens to win with ...Qh1+.} 23. Qg3 a5 $1 {[%cal Ra5a4]} 24. Be3 Rxd2 25. Nxd2 h5 $1 $40 {[%cal Rh5g4][%mdl 128] Black goes for the king.} 26. h3 {[#]} Qh1+ $1 27. Kf2 h4 28. Qg1 Qxh3 29. Nce4 Bxe4 (29... Nf5 $2 30. gxf5 Bxe4 31. fxg6 $17) 30. Nxe4 {[#] Ke2 is the strong threat.} Rc8 $2 (30... Nf5 $1 $19 {[%mdl 512] and Black stays clearly on top.} 31. Ke2 (31. gxf5 Qxf5+) 31... Ng3+ 32. Nxg3 Qxg4+ 33. Kd2 hxg3) 31. c3 $2 {[#]} (31. Ke2 $17 Rxc2+ 32. Nd2) 31... Nf5 $1 {[%mdl 512]} 32. Re1 {[#]} (32. gxf5 Qxf5+) 32... Ng3 $1 {[%mdl 512]} 33. Bf4 $2 (33. Bb6) (33. Nxg3 hxg3+) 33... Rc4 34. Bxg3 hxg3+ 35. Kf3 g2+ {Black mates.} 36. Ng3 Bc5 37. Qxg2 Qxg4# {Precision: White = 23%, Black = 69%.} 0-1

[Event "3rd GRENKE Chess Open 2018"]
[Site "Karlsruhe"]
[Date "2018.03.29"]
[Round "1"]
[White "Merkel, Markus"]
[Black "Danin, Alexandre"]
[Result "0-1"]
[WhiteElo "2133"]
[BlackElo "2540"]
[Annotator "TA"]
[PlyCount "82"]
[EventDate "2018.??.??"]
[EventType "swiss"]
[EventCountry "GER"]
[SourceTitle "playchess.com"]
[Source "ChessBase"]
[SourceQuality "1"]

{[%evp 23,82,6,14,6,6,0,0,0,3,0,4,14,11,13,26,34,34,20,6,-70,-80,-84,-87,-123,-127,-127,-132,-114,-125,-111,-125,-157,-154,-148,-160,-172,-167,-197,-194,-231,-218,-235,-240,-410,-395,-458,-398,-730,-729,-697,-680,-1214,-1198,-1203,-1168,-2739,-2655,-2512,-2499,-2596,-2656]} 1. d4 Nf6 2. Nf3 g6 3. Nbd2 c5 4. dxc5 Qa5 5. e3 Bg7 6. a3 Qxc5 7. b4 Qc7 8. Bb2 O-O 9. c4 b6 10. Be2 Bb7 11. O-O d6 12. Rc1 {A48: 1 d4 Nf6 2 Nf3 g6: Torre, London and Colle Systems} (12. Qb3 Nbd7 13. Rac1 Rac8 14. Rfd1 Qb8 15. Nb1 Ne4 16. Bxg7 Kxg7 17. Nfd2 Ndf6 18. Nxe4 Bxe4 19. Nc3 Bc6 20. Bf1 Rc7 21. f3 Qc8 22. e4 {0-1 (65) Aleksandrov,A (2589)-McShane,L (2640) Katowice 2017}) 12... Nbd7 {LiveBook: 59 Games} 13. Qc2 Rac8 14. Qb1 {The position is equal.} Qb8 15. Qa1 Qa8 16. Rfd1 a6 17. Bf1 $146 ({Predecessor:} 17. h3 Rfd8 18. Nb3 d5 19. c5 bxc5 20. Nxc5 Nxc5 21. bxc5 a5 {1-0 (40) Pogonina,N (2466)-Ubiennykh,E (2308) Sochi 2017}) 17... Bh6 18. Nd4 Rc7 19. a4 a5 20. Nb5 Rc6 {[%cal Bc7c6,Bc6c5,Bc5a5][%mdl 32]} 21. Be2 ({White should try} 21. bxa5 $11 bxa5 22. Bc3) 21... axb4 $15 22. Bf3 Rc5 23. Nxd6 Bxf3 ({Reject} 23... exd6 $6 24. Bxf6 Bxf3 25. Nxf3 $11) 24. Nxf3 {[#]} Ra5 $1 {[%cal Ra5a4]} 25. Nb5 Rxa4 26. Qb1 Rc8 27. Bd4 Bf8 28. h3 Ne4 29. Ne5 Ndc5 30. f3 Ng3 {aiming for ...Ne2+.} 31. Rd2 Nf5 {[%cal Bg3f5,Bf5g3,Bg3e2][%mdl 32]} 32. Re2 Bg7 33. Bb2 $2 {[#]} (33. Nd3 Bxd4 34. Nxd4) 33... Ra2 $19 34. f4 Ng3 ({But not} 34... Bxe5 35. fxe5 Ng3 36. Ree1 $19) 35. Rec2 $2 (35. Ree1) 35... b3 {Black is clearly winning.} 36. Rd2 Nce4 37. Rd4 Ne2+ 38. Kh2 Nxd4 39. Kg1 Ne2+ 40. Kh2 Nxc1 41. Qxc1 Bxe5 {Precision: White = 31%, Black = 90%.} 0-1

[Event "3rd GRENKE Chess Open 2018"]
[Site "Karlsruhe"]
[Date "2018.03.29"]
[Round "1"]
[White "Zimmermann, Paul"]
[Black "Kollars, Dmitrij"]
[Result "0-1"]
[WhiteElo "2128"]
[BlackElo "2534"]
[Annotator "TA"]
[PlyCount "45"]
[EventDate "2018.??.??"]
[EventType "swiss"]
[EventCountry "GER"]
[SourceTitle "playchess.com"]
[Source "ChessBase"]
[SourceQuality "1"]

{[%evp 17,45,-33,-27,-69,-72,-94,-99,-99,-93,-96,-106,-296,-300,-283,-263,-295,-304,-319,-298,-317,-299,-376,-322,-341,-331,-341,-318,-596,-541,-543]} 1. d4 d5 2. Nf3 Nf6 3. Bf4 c5 4. c3 Nc6 5. e3 Qb6 6. Qb3 c4 7. Qxb6 axb6 8. Be2 {D02: 1 d4 d5 2 Nf3 sidelines, including 2...Nf6 3 g3 and 2...Nf6 3 Bf4} Bf5 9. O-O b5 {LiveBook: 6 Games} 10. Nfd2 $146 {Black has an edge.} ({Predecessor:} 10. Nh4 Bd7 11. a3 h6 12. Nf3 Bf5 13. Nbd2 e6 14. h3 Be7 15. Ne5 Nxe5 16. Bxe5 {0-1 (50) Aaberg,A (2365)-Brynell,S (2445) Tylosand 2016}) 10... e6 11. f3 Be7 12. Bg5 Bg6 13. Bxf6 Bxf6 14. e4 $2 {[#]} (14. f4 $17) 14... Nxd4 $1 $19 {[%mdl 512]} 15. Bd1 (15. cxd4 Bxd4+) 15... Nc6 16. exd5 exd5 17. Re1+ Kd7 18. f4 Kd6 19. Bf3 h5 20. g3 b4 21. Kg2 Rhe8 22. Rxe8 $2 {[#]} (22. Rd1 b5 23. a4) 22... Rxe8 23. Kf2 0-1

[Event "3rd GRENKE Chess Open 2018"]
[Site "Karlsruhe"]
[Date "2018.03.29"]
[Round "1"]
[White "Duchateau, Thomas"]
[Black "Burmakin, Vladimir"]
[Result "1/2-1/2"]
[WhiteElo "2127"]
[BlackElo "2522"]
[Annotator "TA"]
[PlyCount "83"]
[EventDate "2018.??.??"]
[EventType "swiss"]
[EventCountry "GER"]
[SourceTitle "playchess.com"]
[Source "ChessBase"]
[SourceQuality "1"]

{[%evp 9,83,22,22,22,51,31,24,12,26,18,14,14,14,11,21,16,21,13,13,0,4,0,0,0,0,0,0,0,0,0,0,0,0,0,16,18,21,0,0,0,0,0,10,0,15,23,23,16,27,18,23,18,31,9,37,0,31,8,9,6,6,0,16,0,18,0,0,0,0,0,0,0,0,0,0,0]} 1. d4 Nf6 2. Bf4 c6 3. Nf3 Qb6 4. Qc1 d5 5. e3 Nh5 6. Be5 {D02: 1 d4 d5 2 Nf3 sidelines, including 2...Nf6 3 g3 and 2...Nf6 3 Bf4} Nd7 7. Be2 (7. c4 {is more complex.} f6 8. Bg3 e5 9. a3 e4 10. Nh4) 7... Nxe5 8. dxe5 {White has an edge.} g6 9. O-O Ng7 $146 ({Predecessor:} 9... Bh6 10. c4 O-O 11. cxd5 cxd5 12. Nc3 Be6 13. Rd1 {1-0 (57) Neef,M (2443)-Saltaev,M (2477) Germany 2017}) 10. c4 dxc4 11. Nbd2 Ne6 12. Nxc4 Qc7 13. a4 Bg7 14. b4 O-O 15. b5 Bd7 16. Rb1 b6 17. Qa3 cxb5 18. axb5 Nc5 19. Nd4 Bxe5 20. Nxe5 Qxe5 21. Bf3 Rac8 (21... a5 {seems wilder.} 22. Bxa8 Rxa8 23. Rfd1 a4 24. Rb2 Kg7) 22. Qxa7 Qc7 23. Qxc7 (23. Ra1 {looks sharper.} e5 24. Nc6 Bxc6 25. Bxc6 Kg7 26. g3) 23... Rxc7 24. Nc6 Bf5 25. Rb4 Rfc8 26. Rd1 Kf8 27. g4 Bd7 28. Kg2 h6 29. Kg3 Be8 30. h4 Nb7 31. Ra1 Nc5 32. Rd1 (32. Bg2 {with more complications.} Kg7 33. Rbb1 f6 34. Nb4 Rd7 35. Bc6) 32... Rd7 33. Rbd4 (33. Rh1 {keeps more tension.} Kg7 34. Ra1 f6 35. Rbb1 Rdc7 36. Nb4) 33... Rxd4 {The position is equal.} 34. Rxd4 Ne6 35. Rb4 Nc7 36. Rb2 f6 37. Bg2 (37. Nd4 {feels hotter.} e5 38. Nc6 Kg7 39. Na7 Rd8 40. Rc2) 37... Nxb5 38. Rxb5 Bxc6 39. Rxb6 Bxg2 40. Kxg2 Rc4 41. Kg3 Kf7 42. Rb5 {Precision: White = 49%, Black = 48%.} 1/2-1/2

[Event "3rd GRENKE Chess Open 2018"]
[Site "Karlsruhe"]
[Date "2018.03.29"]
[Round "1"]
[White "Kienitz, Andre"]
[Black "Schlosser, Philipp"]
[Result "0-1"]
[WhiteElo "2126"]
[BlackElo "2510"]
[Annotator "TA"]
[PlyCount "92"]
[EventDate "2018.??.??"]
[EventType "swiss"]
[EventCountry "GER"]
[SourceTitle "playchess.com"]
[Source "ChessBase"]
[SourceQuality "1"]

{[%evp 15,92,33,29,24,34,31,34,36,18,17,20,8,0,16,15,-78,-86,-65,-38,-40,-43,-45,-40,-41,-33,-56,-56,-56,-56,-56,-64,-57,-47,-35,-39,-85,-85,-85,-85,-85,-82,-85,-85,-85,-77,-77,-34,-77,-49,-75,-14,-58,-21,-69,0,-76,-21,-70,0,-70,0,-118,0,-118,106,-94,-94,-123,-123,-123,-123,-123,-123,-123,-94,-94,0,-123,0]} 1. e4 c5 2. Nf3 e6 3. d4 cxd4 4. Nxd4 Nc6 5. Nc3 a6 6. Nxc6 bxc6 7. Bd3 d5 8. O-O Nf6 9. Qf3 {B46: Sicilian: Taimanov: 5 Nc3 a6} Be7 10. Na4 $146 ({Predecessor:} 10. Qg3 O-O 11. Bh6 Ne8 12. Bf4 Bh4 13. Qf3 Bg5 14. Na4 Qf6 15. Bxg5 Qxg5 16. Nb6 Rb8 17. Nxc8 Rxc8 18. Bxa6 {1-0 (33) Kramnik,V (2800)-Andreikin,D (2712) Moscow 2018}) 10... O-O 11. b3 {White is slightly better.} e5 12. h3 Be6 13. Be3 Nd7 14. Qe2 a5 15. c4 (15. exd5 $11 cxd5 16. f4) 15... d4 $36 {[%mdl 2048] White is under strong pressure.} 16. Bd2 Nc5 17. Nxc5 Bxc5 18. f4 f6 19. f5 Bf7 20. Kh1 Qe7 21. g4 Bb4 22. a4 Bxd2 23. Qxd2 Rfb8 24. Bc2 Qb4 25. Qxb4 Rxb4 26. Rf3 Kf8 27. Kg2 Rab8 28. Kf2 Ke7 29. Ke2 Kd6 30. Kd2 Kc5 31. h4 R4b7 32. Rg3 Rd8 (32... h6 $17) 33. Kd3 Kb4 34. Rg2 Kc5 35. Rg3 $1 Kd6 (35... h6 $1 $17) 36. Rag1 Ke7 (36... h6 $15) 37. Bd1 ({Better is} 37. g5 $11) 37... g6 ({Black should try} 37... h6 $1 $15) 38. h5 (38. g5 $11) 38... Rdb8 (38... g5 $17 39. Re1 Be8) 39. Kd2 {[#]} (39. hxg6 $1 $11 {keeps the balance.} hxg6 40. g5 gxf5 41. exf5) 39... Rg8 $2 {[#]} (39... g5 $1 $17 40. Re1 Be8) 40. h6 $2 (40. fxg6 $1 $16 {stays on course.} hxg6 41. g5) 40... g5 41. Bc2 Kd6 42. Rb1 Rgb8 {Hoping for ...Bxc4!} 43. Rgg1 Kc5 44. Kd3 Kb4 45. Rgc1 Kc5 46. Rg1 $1 Kb4 {[%mdl 32768] Precision: White = 41%, Black = 37%. . Sensor Board Error (Ke4/e5)?} (46... Rb6 $17 47. Rh1 Be8) 0-1